000 00263nam a2200109Ia 4500
008 220204s9999 xx 000 0 und d
082 _a338.5
_bHIC
100 _aHICKS, J R
245 0 _aValue and capital
260 _aOxford
_bOxford Univ press
_c1975
942 _cBK
999 _c23492
_d23492